00590nam a2200193 a 450000100060000000300080000600500170001400800410003103500190007204000270009104100080011808200220012610000500014824500610019826000440025930000330030350000190033665000410035572762BD-RjUL20211209082315.0170523s1948 enka 001 0 eng d a(BD-RjUL)72980 aDCPcDCPdBD-RjULbeng aeng 223a541bFRT 19481 aFriend, J. Newtonq(John Newton),d1881-1966.12aA Textbook of physical chemistry /cby J. Newton Friend. aLondon :bC. Griffin & Co. Ltd.,c1948. axv, 566 p. :bill. ;c23 cm. aIncludes index 0aChemistry, Physical and theoretical.